| Tag |
First Indicator |
Second Indicator |
Subfields |
| LEADER |
00000cam a2200000Ia 4500 |
| 001 |
in00002457310 |
| 005 |
20210727074211.0 |
| 006 |
m d |
| 007 |
cr cn||||||||| |
| 008 |
080715s2008 gw a sb 001 0 eng d |
| 020 |
|
|
|a 3540770178
|
| 020 |
|
|
|a 9783540770176
|
| 029 |
1 |
|
|a AU@
|b 000043372941
|
| 035 |
|
|
|a (OCoLC)233973725
|
| 035 |
|
|
|a (OCoLC)ocn233973725
|
| 035 |
|
|
|a 3068466
|
| 037 |
|
|
|a 978-3-540-77015-2
|b Springer
|n http://www.springerlink.com
|
| 040 |
|
|
|a GW5XE
|c GW5XE
|d UtOrBLW
|
| 049 |
|
|
|a TEFA
|
| 050 |
1 |
4 |
|a QA564
|b .P48 2008eb
|
| 082 |
0 |
4 |
|a 516.35
|2 22
|
| 100 |
1 |
|
|a Peters, C.
|q (Chris)
|0 http://id.loc.gov/authorities/names/n82275644
|
| 245 |
1 |
0 |
|a Mixed hodge structures /
|c Chris A.M. Peters, Joseph H.M. Steenbrink.
|
| 264 |
|
1 |
|a Berlin :
|b Springer,
|c [2008]
|
| 264 |
|
4 |
|c ©2008
|
| 300 |
|
|
|a xiii, 470 pages :
|b illustrations ;
|c 24 cm.
|
| 336 |
|
|
|a text
|b txt
|2 rdacontent
|
| 337 |
|
|
|a computer
|b c
|2 rdamedia
|
| 338 |
|
|
|a online resource
|b cr
|2 rdacarrier
|
| 490 |
1 |
|
|a Ergebnisse der Mathematik und ihrer Grenzgebiete =
|a Series of modern surveys in mathematics ;
|v 3. Folge, Bd. 52
|
| 500 |
|
|
|a Electronic resource.
|
| 504 |
|
|
|a Includes bibliographical references (pages [445]-456) and indexes.
|
| 533 |
|
|
|a Electronic reproduction.
|b New York :
|c Springer,
|d 2008.
|n Mode of access: World Wide Web.
|n System requirements: Web browser.
|n Title from title screen (viewed on June 27, 2008).
|n Access may be restricted to users at subscribing institutions.
|
| 650 |
|
0 |
|a Hodge theory.
|0 http://id.loc.gov/authorities/subjects/sh85061345
|
| 655 |
|
7 |
|a Electronic books.
|2 local
|
| 700 |
1 |
|
|a Steenbrink, J. H. M.
|0 http://id.loc.gov/authorities/names/n90714701
|
| 710 |
2 |
|
|a SpringerLink (Online service)
|0 http://id.loc.gov/authorities/names/no2005046756
|
| 776 |
1 |
|
|c Original
|z 3540770151
|z 9783540770152
|w (DLC) 2007942592
|w (OCoLC)209333251
|
| 830 |
|
0 |
|a Ergebnisse der Mathematik und ihrer Grenzgebiete ;
|v 3. Folge, Bd. 52.
|0 http://id.loc.gov/authorities/names/n42010734
|
| 856 |
4 |
0 |
|u http://proxy.library.tamu.edu/login?url=https://dx.doi.org/10.1007/978-3-540-77017-6
|z Connect to the full text of this electronic book
|t 0
|
| 994 |
|
|
|a C0
|b TEF
|
| 999 |
|
|
|a MARS
|
| 999 |
f |
f |
|s de5d40fe-91dd-3dcd-a1f4-996995c43ef0
|i 05ac022f-c6f4-3a7a-96e8-e3bd56901a2c
|t 0
|
| 952 |
f |
f |
|a Texas A&M University
|b College Station
|c Electronic Resources
|d Available Online
|t 0
|e QA564 .P48 2008eb
|h Library of Congress classification
|
| 998 |
f |
f |
|a QA564 .P48 2008eb
|t 0
|l Available Online
|